[Event "Oberliga Ost qual"]
[Site "GER"]
[Date "1995.??.??"]
[Round "?"]
[White "Meissner, Bernd Guenther"]
[Black "Elsen, Mark"]
[Result "0-1"]
[WhiteElo "2285"]
[BlackElo "2225"]
[PlyCount "64"]
[EventDate "1995.??.??"]
[EventType "team"]
[EventRounds "3"]
[EventCountry "GER"]
[Source "Fruth,M"]
[SourceDate "2003.05.15"]

1. d4 d5 2. c4 e6 3. Nc3 c5 4. cxd5 cxd4 5. Qa4+ Bd7 6. Qxd4 exd5 7. Qxd5 Nc6
8. Nf3 Nf6 9. Qd1 Bc5 10. e3 Qe7 11. a3 O-O-O 12. Be2 g5 13. O-O g4 14. Nd4 Qe5
15. Bd2 Rhg8 16. Qc1 Kb8 17. b4 Bd6 18. g3 Ne4 19. Nxe4 Qxe4 20. Nb5 Be5 21.
Bc3 a6 22. Bxe5+ Qxe5 23. Nc3 Ne7 24. Qb2 Bc6 25. Rac1 h5 26. b5 axb5 27. Bxb5
Bf3 28. Rb1 h4 29. Be2 Bc6 30. Nb5 Qe4 31. f3 Qxe3+ 32. Kg2 Rd2 0-1

[Event "Odorheiu Secuiesc ZT"]
[Site "Odorheiu Secuiesc"]
[Date "1995.??.??"]
[Round "6"]
[White "Dumitrache, Dragos"]
[Black "Jirovsky, Milos"]
[Result "1-0"]
[WhiteElo "2530"]
[BlackElo "2425"]
[PlyCount "61"]
[EventDate "1995.??.??"]
[EventType "swiss"]
[EventRounds "9"]
[EventCountry "ROM"]
[Source "Fruth,M"]
[SourceDate "2003.05.15"]

1. d4 d5 2. c4 e6 3. Nc3 c5 4. cxd5 cxd4 5. Qa4+ Bd7 6. Qxd4 exd5 7. Qxd5 Nc6
8. Nf3 Nf6 9. Qd1 Bc5 10. e3 Qe7 11. a3 O-O-O 12. Qc2 Kb8 13. Be2 g5 14. b4 Bb6
15. Bb2 Rc8 16. Rd1 g4 17. Nh4 Ne5 18. Nf5 Qf8 19. Nd6 Rc6 20. Qd2 Qe7 21. Na4
Bc7 22. Bxe5 Qxe5 23. Nxf7 Qe8 24. Nxh8 Rd6 25. Qb2 Bxa4 26. Rxd6 Bxd6 27. Qxf6
Be5 28. Qf5 Bc3+ 29. Kf1 Qxh8 30. Bxg4 a6 31. g3 1-0

[Event "ROM-ch TT"]
[Site "ROM"]
[Date "1995.??.??"]
[Round "?"]
[White "Grigore, George"]
[Black "Popescu, Dan"]
[Result "0-1"]
[WhiteElo "2445"]
[BlackElo "2270"]
[PlyCount "61"]
[EventDate "1995.??.??"]
[EventType "team"]
[EventCountry "ROM"]
[Source "Fruth,M"]
[SourceDate "2003.05.15"]

1. d4 d5 2. c4 e6 3. Nc3 c5 4. cxd5 cxd4 5. Qa4+ Bd7 6. Qxd4 exd5 7. Nxd5 Nc6
8. Nf3 Nf6 9. Qd1 Bc5 10. e3 Qe7 11. Be2 O-O-O 12. O-O g5 13. Nd4 Rhg8 14. Nb4
Bxb4 15. Qb3 Nxd4 16. exd4 Bc3 17. Qxc3+ Bc6 18. Bb5 Nd5 19. Qc2 Rg6 20. Bd2 h6
21. Rab1 Qd7 22. Ba5 Re8 23. Rfc1 Nf4 24. Qa4 Qd5 25. f3 Re2 26. Bxc6 Rxc6 27.
Rxc6+ Qxc6 28. Qxc6+ bxc6 29. Rc1 Kd7 30. Rb1 Rxg2+ 31. Kh1 0-1

[Event "Rostov on Don Women IT"]
[Site "Rostov"]
[Date "1995.??.??"]
[Round "3"]
[White "Matveeva, Svetlana"]
[Black "Bojkovic, Natasa"]
[Result "0-1"]
[WhiteElo "2430"]
[BlackElo "2430"]
[PlyCount "56"]
[EventDate "1995.??.??"]
[EventType "tourn"]
[EventRounds "11"]
[EventCountry "RUS"]
[EventCategory "5"]
[Source "Fruth,M"]
[SourceDate "2003.05.15"]

1. d4 d5 2. c4 e6 3. Nc3 c5 4. cxd5 cxd4 5. Qa4+ Bd7 6. Qxd4 exd5 7. Qxd5 Nc6
8. Bg5 Nf6 9. Qd2 Qa5 10. Bxf6 gxf6 11. O-O-O O-O-O 12. Qd5 Qb6 13. Qf3 Bh6+
14. e3 Be6 15. Bb5 Nd4 16. Qh5 Nxb5 17. Qxb5 Bxe3+ 18. fxe3 Qxe3+ 19. Kc2 Rxd1
20. Nxd1 Qe4+ 21. Kc1 Qxg2 22. Nf2 Qxf2 23. Ne2 Qe3+ 24. Kd1 Rd8+ 25. Ke1 Bd7
26. Qc4+ Bc6 27. Rf1 Qd2+ 28. Kf2 Rg8 0-1

[Event "SVK-ch TT"]
[Site "SVK"]
[Date "1995.??.??"]
[Round "?"]
[White "Balogh, Tomas"]
[Black "Mihalik, Marek"]
[Result "1-0"]
[WhiteElo "2300"]
[BlackElo "2185"]
[PlyCount "73"]
[EventDate "1995.??.??"]
[EventType "team"]
[EventCountry "SVK"]
[Source "Fruth,M"]
[SourceDate "2003.05.15"]

1. d4 d5 2. c4 e6 3. Nc3 c5 4. cxd5 cxd4 5. Qa4+ Bd7 6. Qxd4 exd5 7. Qxd5 Nc6
8. Nf3 Be6 9. Qxd8+ Rxd8 10. e4 Bb4 11. Bb5 Nf6 12. Bg5 Nxe4 13. Bxc6+ bxc6 14.
Bxd8 Nxc3 15. a3 Bc5 16. Bg5 Na4 17. b4 Bb6 18. Be3 c5 19. bxc5 Bxc5 20. Bxc5
Nxc5 21. O-O O-O 22. Nd4 Bd5 23. Rac1 Nb3 24. Nxb3 Bxb3 25. Rc5 a6 26. Rfc1 Ba4
27. Rc8 g6 28. f3 Kg7 29. Rxf8 Kxf8 30. Kf2 Ke7 31. Rc7+ Ke6 32. Ke3 h5 33. Kd4
Bb5 34. g3 g5 35. Rc5 f5 36. h4 Kf6 37. f4 1-0

[Event "Skei IT"]
[Site "Skei"]
[Date "1995.??.??"]
[Round "5"]
[White "Bern, Ivar"]
[Black "Glenne, Bjorn Erik"]
[Result "1/2-1/2"]
[WhiteElo "2360"]
[BlackElo "2255"]
[PlyCount "52"]
[EventDate "1995.??.??"]
[EventType "tourn"]
[EventRounds "9"]
[EventCountry "NOR"]
[EventCategory "7"]
[Source "Fruth,M"]
[SourceDate "2003.05.15"]

1. d4 d5 2. c4 e6 3. Nc3 c5 4. cxd5 cxd4 5. Qa4+ Bd7 6. Qxd4 exd5 7. Qxd5 Nc6
8. Bg5 Nf6 9. Qd2 Bc5 10. Rc1 Ng4 11. Bxd8 Bxf2+ 12. Kd1 Ne3+ 13. Qxe3+ Bxe3
14. Bh4 g5 15. Nd5 Bxc1 16. Kxc1 gxh4 17. Nc7+ Ke7 18. Nxa8 Rxa8 19. Nf3 Nb4
20. a3 Rc8+ 21. Kd2 Nd5 22. e3 h3 23. gxh3 Nf6 24. Bd3 Rd8 25. Rg1 Bxh3 26. Nd4
Bd7 1/2-1/2

[Event "Tel Aviv "]
[Site "Tel Aviv "]
[Date "1995.??.??"]
[Round "?"]
[White "Soffer, Ram"]
[Black "Slutzky, Leonid"]
[Result "1-0"]
[WhiteElo "2535"]
[BlackElo "2375"]
[PlyCount "105"]
[EventDate "1995.??.??"]
[EventRounds "9"]
[EventCountry "ISR"]
[Source "Fruth,M"]
[SourceDate "2003.05.15"]

1. c4 e6 2. Nc3 d5 3. d4 c5 4. cxd5 cxd4 5. Qa4+ Bd7 6. Qxd4 exd5 7. Qxd5 Nc6
8. Nf3 Nf6 9. Qd1 Bc5 10. e3 Qe7 11. a3 O-O-O 12. Qc2 Kb8 13. b4 Bb6 14. Be2
Rc8 15. Bb2 Ne5 16. Nd4 Bxd4 17. exd4 Nc4 18. O-O Qd6 19. Rad1 Ng4 20. g3 Qh6
21. h4 Nxb2 22. Qxb2 Rhe8 23. Nd5 Qd6 24. Bf3 Bc6 25. Qb3 Nf6 26. Nxf6 Qxf6 27.
Bxc6 Rxc6 28. Rfe1 Rec8 29. Re3 Rc1 30. Rxc1 Rxc1+ 31. Kg2 Rc8 32. Qd5 Rd8 33.
Qe5+ Qxe5 34. dxe5 Kc7 35. Rc3+ Kb6 36. f4 h5 37. Kf3 g6 38. Ke4 Rd1 39. Re3
Rf1 40. e6 fxe6 41. Ke5 Kb5 42. Rc3 b6 43. Kf6 e5 44. Kxe5 Rd1 45. Kf6 Rd6+ 46.
Kg5 a5 47. bxa5 bxa5 48. f5 gxf5 49. Kxh5 Rd1 50. Rf3 Kc4 51. Rxf5 Rd3 52. g4
Rxa3 53. g5 1-0

[Event "YUG-ch TT 2"]
[Site "Tivat"]
[Date "1995.??.??"]
[Round "11"]
[White "Georgiev, Kiril"]
[Black "Jovicic, Milos"]
[Result "1-0"]
[WhiteElo "2625"]
[BlackElo "2385"]
[PlyCount "49"]
[EventDate "1995.??.??"]
[EventType "team"]
[EventRounds "11"]
[EventCountry "YUG"]
[Source "Fruth,M"]
[SourceDate "2003.05.15"]

1. d4 d5 2. c4 e6 3. Nc3 c5 4. cxd5 cxd4 5. Qa4+ Bd7 6. Qxd4 exd5 7. Qxd5 Nc6
8. Nf3 Nf6 9. Qd1 Bc5 10. e3 Qe7 11. a3 O-O-O 12. Qc2 Kb8 13. Be2 g5 14. b4 g4
15. Nd2 Bd6 16. Nc4 Bc7 17. Bb2 Rhg8 18. O-O-O Rg5 19. e4 Rc8 20. Qd2 Rg6 21.
Nd6 Bxd6 22. Qxd6+ Qxd6 23. Rxd6 Nxe4 24. Rxd7 Nxc3 25. Bxc3 1-0

[Event "Mitropa Cup"]
[Site "Buekfuerdo"]
[Date "1995.??.??"]
[Round "4"]
[White "Arlandi, Ennio"]
[Black "Jirovsky, Milos"]
[Result "0-1"]
[WhiteElo "2440"]
[BlackElo "2425"]
[PlyCount "76"]
[EventDate "1995.02.??"]
[EventType "team"]
[EventRounds "9"]
[EventCountry "HUN"]
[Source "Fruth,M"]
[SourceDate "2003.05.15"]

1. d4 d5 2. c4 e6 3. Nc3 c5 4. cxd5 cxd4 5. Qxd4 Nc6 6. Qd1 exd5 7. Qxd5 Bd7 8.
Nf3 Nf6 9. Qd1 Bc5 10. e3 Qe7 11. Be2 O-O-O 12. Bd2 Kb8 13. a3 g5 14. Qc2 g4
15. Nh4 Bb6 16. O-O-O Be6 17. Nf5 Qc5 18. Ng3 Rc8 19. Bd3 Ne5 20. Bf5 Rhd8 21.
Kb1 Nc4 22. Bxe6 fxe6 23. Bc1 Qc6 24. Nge4 Nd5 25. Qa4 Nxc3+ 26. Nxc3 Qxg2 27.
Rxd8 Bxd8 28. Rd1 Bf6 29. Nb5 a6 30. Nd6 Nxd6 31. Rxd6 Be5 32. Rxe6 Qf1 33.
Rxe5 Rxc1+ 34. Ka2 Ra1+ 35. Kb3 Qd3+ 36. Kb4 Qd6+ 37. Rc5 Rc1 38. Qe8+ Ka7 0-1

[Event "Mitropa Cup"]
[Site "Buekfuerdo"]
[Date "1995.??.??"]
[Round "5"]
[White "Huss, Andreas"]
[Black "Kuijf, Marinus"]
[Result "1/2-1/2"]
[WhiteElo "2415"]
[BlackElo "2465"]
[PlyCount "120"]
[EventDate "1995.02.??"]
[EventType "team"]
[EventRounds "9"]
[EventCountry "HUN"]
[Source "Fruth,M"]
[SourceDate "2003.05.15"]

1. d4 d5 2. c4 e6 3. Nc3 c5 4. cxd5 cxd4 5. Qa4+ Bd7 6. Qxd4 exd5 7. Nf3 Nf6 8.
Bg5 Nc6 9. Bxf6 Nxd4 10. Bxd8 Nxf3+ 11. exf3 Rxd8 12. Nxd5 Bc6 13. Nc7+ Kd7 14.
Nb5 Bb4+ 15. Kd1 Ke7+ 16. Kc2 Rd2+ 17. Kb3 Bc5 18. Re1+ Kf6 19. Nc3 Rxf2 20.
Re2 Rd8 21. Rxf2 Bxf2 22. Bc4 Kg6 23. Kc2 h5 24. Bd3+ Kh6 25. Be4 Bxe4+ 26.
Nxe4 Bd4 27. Rd1 Rc8+ 28. Kb3 Be5 29. Rd7 Rc7 30. Rxc7 Bxc7 31. h3 Be5 32. Kc2
f5 33. Nc5 Kg5 34. Kd2 Bxb2 35. Nxb7 Ba3 36. Nd8 Kf4 37. Ke2 Ke5 38. Kd3 Kd5
39. g4 Be7 40. Nb7 g6 41. gxf5 gxf5 42. Na5 Bh4 43. Nc4 Bf2 44. Kc3 Be1+ 45.
Kd3 Bb4 46. Ne3+ Ke5 47. f4+ Ke6 48. Kd4 Be1 49. Nd5 Bf2+ 50. Kc4 Be1 51. Nc7+
Kd7 52. Nd5 Bf2 53. Nf6+ Ke6 54. Nd5 Bh4 55. Nc7+ Kd7 56. Nd5 Kd6 57. Ne3 Ke6
58. Nd5 Bd8 59. Ne3 Ba5 60. Nd5 Bd2 1/2-1/2

[Event "Pozarevac IT"]
[Site "Pozarevac"]
[Date "1995.??.??"]
[Round "11"]
[White "Milanovic, Danilo"]
[Black "Velimirovic, Dragoljub"]
[Result "0-1"]
[WhiteElo "2300"]
[BlackElo "2535"]
[PlyCount "88"]
[EventDate "1995.06.??"]
[EventType "tourn"]
[EventRounds "13"]
[EventCountry "YUG"]
[EventCategory "8"]
[Source "Fruth,M"]
[SourceDate "2003.05.15"]

1. c4 e6 2. Nc3 d5 3. d4 c5 4. cxd5 cxd4 5. Qa4+ Bd7 6. Qxd4 exd5 7. Nf3 Nc6 8.
Qd1 Be6 9. e3 Nf6 10. Be2 Ne4 11. Bd2 Be7 12. O-O O-O 13. Nb5 Bf6 14. Bc3 Nxc3
15. bxc3 Rc8 16. Qd2 Qa5 17. Rfc1 Rfd8 18. Nbd4 Bg4 19. Qb2 Qc7 20. Rab1 Na5
21. Nb5 Qc5 22. Qb4 Bf5 23. Rb2 Qxb4 24. Rxb4 a6 25. Nbd4 Bg6 26. Ra4 Rc5 27.
Kf1 Rdc8 28. Ke1 Bd8 29. Kd2 Nc4+ 30. Bxc4 dxc4 31. Rb4 Be4 32. Ne1 Ra5 33. Rb2
Be7 34. Ndc2 Rd8+ 35. Ke2 Bd3+ 36. Kf3 Rf5+ 37. Kg3 Rg5+ 38. Kf3 b5 39. g3 Bf1
40. Nb4 Rd6 41. Ng2 Bxg2+ 42. Kxg2 a5 43. Nc2 Rd2 44. Rbb1 Rf5 0-1

[Event "Benasque IT"]
[Site "Benasque"]
[Date "1995.??.??"]
[Round "4"]
[White "Comas Fabrego, Luis"]
[Black "Martin Gonzalez, Angel"]
[Result "1-0"]
[WhiteElo "2490"]
[BlackElo "2420"]
[PlyCount "43"]
[EventDate "1995.07.??"]
[EventType "tourn"]
[EventRounds "9"]
[EventCountry "ESP"]
[EventCategory "13"]
[Source "Fruth,M"]
[SourceDate "2003.05.15"]

1. d4 d5 2. c4 e6 3. Nc3 c5 4. cxd5 cxd4 5. Qa4+ Bd7 6. Qxd4 exd5 7. Qxd5 Nf6
8. Qd1 Bc5 9. e3 Nc6 10. Nf3 Qe7 11. Be2 O-O-O 12. O-O g5 13. b4 Bxb4 14. Bb2
g4 15. Nd4 Nxd4 16. Qxd4 Bc5 17. Nd5 Nxd5 18. Rfc1 Rhg8 19. Rxc5+ Bc6 20. Bxg4+
Kb8 21. Qe5+ Ka8 22. Rxd5 1-0

[Event "Terrasa op"]
[Site "Terrasa"]
[Date "1995.??.??"]
[Round "?"]
[White "Vera, Reynaldo"]
[Black "Rodriguez Vargas, Orestes"]
[Result "*"]
[WhiteElo "2495"]
[BlackElo "2420"]
[PlyCount "53"]
[EventDate "1995.07.??"]
[EventType "swiss"]
[EventRounds "9"]
[EventCountry "ESP"]
[Source "Fruth,M"]
[SourceDate "2003.05.15"]

1. c4 e6 2. Nc3 d5 3. d4 c5 4. cxd5 cxd4 5. Qa4+ Bd7 6. Qxd4 exd5 7. Qxd5 Nc6
8. Nf3 Nf6 9. Qb3 Bc5 10. e3 Qe7 11. Be2 g5 12. O-O O-O-O 13. Bd2 g4 14. Nd4
Rhg8 15. Rac1 Kb8 16. Rfd1 h5 17. Nxc6+ Bxc6 18. Bb5 Bf3 19. Ne2 Ne4 20. Be1
Ng5 21. Rxd8+ Rxd8 22. Ng3 Bd5 23. Bc4 Bc6 24. Bb5 Bd5 25. Bc4 Bc6 26. Rd1 Rxd1
27. Qxd1 *

[Event "St.Ingbert op"]
[Site "St.Ingbert"]
[Date "1995.??.??"]
[Round "7"]
[White "Gyimesi, Zoltan"]
[Black "Plueg, Andreas"]
[Result "1-0"]
[WhiteElo "2525"]
[BlackElo "2300"]
[PlyCount "85"]
[EventDate "1995.08.??"]
[EventType "swiss"]
[EventRounds "9"]
[EventCountry "GER"]
[Source "Fruth,M"]
[SourceDate "2003.05.15"]

1. d4 d5 2. c4 e6 3. Nc3 c5 4. cxd5 cxd4 5. Qa4+ Bd7 6. Qxd4 exd5 7. Qxd5 Nc6
8. Nf3 Be6 9. Qxd8+ Rxd8 10. e3 a6 11. Be2 h6 12. O-O g5 13. h3 Bg7 14. Bd2
Nge7 15. Rfd1 b5 16. Be1 O-O 17. a3 Na5 18. Rxd8 Rxd8 19. Rd1 Rxd1 20. Nxd1 Bc4
21. Kf1 Bxe2+ 22. Kxe2 Nc4 23. b3 Nb6 24. Bc3 Bf8 25. Nd4 Ned5 26. Bb2 Kh7 27.
g3 h5 28. e4 Nc7 29. Ne3 Ne6 30. Nxe6 fxe6 31. Nc2 Nd7 32. Bd4 Kg6 33. a4 bxa4
34. bxa4 Nc5 35. Bxc5 Bxc5 36. Ne3 Bd6 37. Nc4 Bc7 38. Ke3 Bb8 39. Kd4 Ba7+ 40.
Ke5 Bxf2 41. g4 hxg4 42. hxg4 Kf7 43. Kd6 1-0

[Event "Linares ZT"]
[Site "Linares"]
[Date "1995.??.??"]
[Round "8"]
[White "Sadler, Matthew"]
[Black "Apicella, Manuel"]
[Result "1/2-1/2"]
[WhiteElo "2565"]
[BlackElo "2555"]
[PlyCount "79"]
[EventDate "1995.11.??"]
[EventType "swiss"]
[EventRounds "11"]
[EventCountry "ESP"]
[Source "Fruth,M"]
[SourceDate "2003.05.15"]

1. d4 d5 2. c4 e6 3. Nc3 c5 4. cxd5 cxd4 5. Qa4+ b5 6. Qxd4 Nc6 7. Qd2 exd5 8.
Qxd5 Bd7 9. e3 Nf6 10. Qd1 a6 11. Nf3 Qb6 12. Be2 Rd8 13. O-O Bf5 14. Bd2 Be7
15. a3 O-O 16. b4 Ne4 17. Nxe4 Bxe4 18. Qc1 Bxf3 19. Bxf3 Ne5 20. Be4 f5 21.
Bc3 Qb8 22. Bc2 Rc8 23. Qb2 Bf6 24. Bd4 Kh8 25. Bb3 f4 26. h3 fxe3 27. fxe3 Nd3
28. Qd2 Bxd4 29. exd4 Qg3 30. Be6 Rcd8 31. Rxf8+ Rxf8 32. Rf1 Nf4 33. d5 h6 34.
Rf2 Rf6 35. Rf1 Qg5 36. Qc2 Nxe6 37. Rxf6 Qxf6 38. dxe6 Qxe6 39. Qd3 Kg8 40.
Kf2 1/2-1/2

[Event "Asia-ch"]
[Site "Dubai"]
[Date "1996.??.??"]
[Round "?"]
[White "Barus, Cerdas"]
[Black "Ali, Abdulkhaleq"]
[Result "1-0"]
[WhiteElo "2410"]
[BlackElo "2255"]
[PlyCount "41"]
[EventDate "1996.??.??"]
[EventType "swiss"]
[EventRounds "9"]
[EventCountry "UAE"]
[Source "Fruth,M"]
[SourceDate "2003.05.15"]

1. d4 d5 2. c4 e6 3. Nc3 c5 4. cxd5 cxd4 5. Qa4+ Bd7 6. Qxd4 exd5 7. Qxd5 Nc6
8. Nf3 Nf6 9. Qd1 Bc5 10. e3 Qe7 11. a3 Rd8 12. Be2 O-O 13. Qc2 Bg4 14. O-O
Rfe8 15. b4 Bd6 16. Nb5 Bb8 17. Bb2 Rd5 18. Nc3 Rh5 19. g3 Qe6 20. Rfe1 Rh6 21.
Nd4 1-0

[Event "Barcelona op"]
[Site "Barcelona"]
[Date "1996.??.??"]
[Round "?"]
[White "Comas Fabrego, Luis"]
[Black "Rodriguez Vargas, Orestes"]
[Result "1/2-1/2"]
[WhiteElo "2470"]
[BlackElo "2405"]
[PlyCount "65"]
[EventDate "1996.??.??"]
[EventType "swiss"]
[EventRounds "5"]
[EventCountry "ESP"]
[Source "Fruth,M"]
[SourceDate "2003.05.15"]

1. d4 d5 2. c4 e6 3. Nc3 c5 4. cxd5 cxd4 5. Qa4+ Bd7 6. Qxd4 exd5 7. Qxd5 Nc6
8. e3 Nf6 9. Qd1 Bc5 10. Nf3 Qe7 11. Be2 g5 12. O-O g4 13. Nd4 Qe5 14. Ncb5 Rd8
15. Bd2 Ne4 16. Rc1 a6 17. b4 Bb6 18. Na3 Nxd4 19. exd4 Bxd4 20. Nc4 Qf6 21.
Be3 Bf5 22. Bxd4 Rxd4 23. Qb3 O-O 24. Qb2 Rfd8 25. Ne3 Qg5 26. Rfd1 Rxd1+ 27.
Rxd1 Rxd1+ 28. Bxd1 Be6 29. Qd4 Nf6 30. a3 h5 31. f4 gxf3 32. Bxf3 Ng4 33. Nxg4
1/2-1/2

[Event "Catalunya-ch TT"]
[Site "Catalunya"]
[Date "1996.??.??"]
[Round "?"]
[White "Comas Fabrego, Luis"]
[Black "Rodriguez, Jose Manuel"]
[Result "1-0"]
[WhiteElo "2470"]
[BlackElo "2240"]
[PlyCount "45"]
[EventDate "1996.??.??"]
[EventType "team"]
[EventCountry "ESP"]
[Source "Fruth,M"]
[SourceDate "2003.05.15"]

1. d4 d5 2. c4 e6 3. Nc3 c5 4. cxd5 cxd4 5. Qa4+ Bd7 6. Qxd4 exd5 7. Qxd5 Nc6
8. e3 Nf6 9. Qd1 Bc5 10. Nf3 Qe7 11. Be2 O-O-O 12. O-O g5 13. b4 Bxb4 14. Bb2
Rhg8 15. Qc2 Kb8 16. Rfd1 g4 17. Nd4 Nxd4 18. Rxd4 Bc6 19. Nb5 Ne4 20. Rxb4
Qxb4 21. Be5+ Nd6 22. Nxd6 Rxd6 23. Rb1 1-0

[Event "Catalunya-ch TT"]
[Site "Catalunya"]
[Date "1996.??.??"]
[Round "?"]
[White "Gual Pascual, Antonio"]
[Black "Rodriguez Vargas, Orestes"]
[Result "1-0"]
[WhiteElo "2390"]
[BlackElo "2405"]
[PlyCount "81"]
[EventDate "1996.??.??"]
[EventType "team"]
[EventCountry "ESP"]
[Source "Fruth,M"]
[SourceDate "2003.05.15"]

1. d4 d5 2. c4 e6 3. Nc3 c5 4. cxd5 cxd4 5. Qa4+ Bd7 6. Qxd4 exd5 7. Qxd5 Nc6
8. Bg5 Nf6 9. Qd2 h6 10. Bxf6 Qxf6 11. Nd5 Qd8 12. Rd1 Be6 13. a3 Be7 14. e4
O-O 15. Bc4 Ne5 16. Ba2 Bg4 17. f3 Bh4+ 18. Kf1 Bd7 19. g3 Bf6 20. Kg2 Ba4 21.
f4 Nc6 22. b3 Bb5 23. a4 Ba6 24. b4 b5 25. Qd3 Rb8 26. Nf3 Be7 27. Ne5 Nxe5 28.
fxe5 Bc8 29. axb5 Bg4 30. Ra1 Qd7 31. h3 Be6 32. Bc4 Rfc8 33. Rac1 Bg5 34. Rcd1
h5 35. h4 Bh6 36. Qb3 Qe8 37. Ra1 Rb7 38. Ra6 Rxb5 39. Rxe6 fxe6 40. Nf6+ gxf6
41. Bxb5 1-0

[Event "Catalunya-ch TT"]
[Site "Catalunya"]
[Date "1996.??.??"]
[Round "?"]
[White "Illescas Cordoba, Miguel"]
[Black "Rodriguez Vargas, Orestes"]
[Result "1-0"]
[WhiteElo "2635"]
[BlackElo "2405"]
[PlyCount "39"]
[EventDate "1996.??.??"]
[EventType "team"]
[EventCountry "ESP"]
[Source "Fruth,M"]
[SourceDate "2003.05.15"]

1. d4 d5 2. c4 e6 3. Nc3 c5 4. cxd5 cxd4 5. Qa4+ Bd7 6. Qxd4 exd5 7. Qxd5 Nc6
8. Nf3 Nf6 9. Qd1 Bc5 10. e3 Qe7 11. Be2 g5 12. O-O O-O-O 13. b4 Bxb4 14. Bb2
g4 15. Nd4 Kb8 16. Ncb5 Ne5 17. Qb3 Rhg8 18. Rab1 Bc8 19. Nxa7 Ne4 20. Ndc6+
1-0

[Event "DEN-ch TT 199697"]
[Site "DEN"]
[Date "1997.??.??"]
[Round "6"]
[White "Bekker Jensen, David"]
[Black "Jensen, Vagn"]
[Result "1-0"]
[WhiteElo "2190"]
[BlackElo "2295"]
[PlyCount "61"]
[EventDate "1996.??.??"]
[EventType "team"]
[EventRounds "7"]
[EventCountry "DEN"]
[Source "Fruth,M"]
[SourceDate "2003.05.15"]

1. d4 d5 2. c4 e6 3. Nc3 c5 4. cxd5 cxd4 5. Qxd4 Nc6 6. Qd1 exd5 7. Qxd5 Bd7 8.
e3 Nf6 9. Qd1 Bc5 10. Nf3 Qe7 11. Be2 O-O-O 12. O-O g5 13. a3 g4 14. Nd4 Qe5
15. Nxc6 Bxc6 16. Qc2 Kb8 17. b4 Bd6 18. g3 Ne4 19. Bb2 Ng5 20. e4 Qe6 21. b5
Nf3+ 22. Kg2 Qh6 23. h4 gxh3+ 24. Kh1 Nd4 25. Qd3 Nxe2 26. bxc6 Nxc3 27. Bxc3
Bc7 28. Qb5 b6 29. Bxh8 Rxh8 30. Rac1 Qg6 31. Qa6 1-0

[Event "Eikrem mem"]
[Site "Gausdal"]
[Date "1996.??.??"]
[Round "4"]
[White "Ostenstad, Berge"]
[Black "Nordahl, Helge"]
[Result "1-0"]
[WhiteElo "2465"]
[BlackElo "2255"]
[PlyCount "77"]
[EventDate "1996.08.??"]
[EventType "swiss"]
[EventRounds "9"]
[EventCountry "NOR"]
[Source "Fruth,M"]
[SourceDate "2003.05.15"]

1. d4 d5 2. c4 e6 3. Nc3 c5 4. cxd5 cxd4 5. Qxd4 Nc6 6. Qd1 exd5 7. Qxd5 Bd7 8.
Bg5 Nf6 9. Qd2 Qa5 10. Bxf6 gxf6 11. g3 O-O-O 12. O-O-O Bf5 13. Qf4 Ba3 14.
Qxf5+ Qxf5 15. Bh3 Rxd1+ 16. Nxd1 Qxh3 17. Nxh3 Bc5 18. Nc3 f5 19. Rd1 Ne7 20.
e3 h5 21. Ng5 f6 22. Nf3 h4 23. Nxh4 f4 24. Ne4 fxg3 25. hxg3 Bb6 26. Nxf6 Rf8
27. Ne4 Nc6 28. Nf5 Kb8 29. Nfd6 Ne5 30. Rd5 Ng4 31. Rf5 Rd8 32. Nc4 Bc7 33.
Rg5 Nh6 34. Rg6 Nf5 35. g4 Ne7 36. Re6 Nd5 37. Ncd6 Nb4 38. Re8 Nxa2+ 39. Kb1
1-0

[Event "Havana match"]
[Site "Havana"]
[Date "1996.??.??"]
[Round "2"]
[White "Moreno, Alejandro"]
[Black "Vilela, Jose Luis"]
[Result "1/2-1/2"]
[WhiteElo "2420"]
[BlackElo "2435"]
[PlyCount "57"]
[EventDate "1996.??.??"]
[EventType "match"]
[EventRounds "2"]
[EventCountry "CUB"]
[Source "Fruth,M"]
[SourceDate "2003.05.15"]

1. d4 d5 2. c4 e6 3. Nc3 c5 4. cxd5 cxd4 5. Qa4+ Bd7 6. Qxd4 exd5 7. Qxd5 Nc6
8. e3 Nf6 9. Qb3 Bc5 10. Nf3 Qe7 11. Be2 O-O-O 12. O-O g5 13. Nd4 Bxd4 14. exd4
Nxd4 15. Qc4+ Bc6 16. Be3 Qe5 17. Rad1 Nxe2+ 18. Nxe2 Rxd1 19. Rxd1 Re8 20. Nc3
h5 21. Qxf7 Ng4 22. Qxh5 Nxe3 23. Re1 Qd4 24. h3 Qd2 25. Rxe3 Rxe3 26. Qg4+ Bd7
27. Qc4+ Bc6 28. Qg4+ Bd7 29. Qc4+ 1/2-1/2

[Event "Klatovy op"]
[Site "Klatovy"]
[Date "1996.??.??"]
[Round "?"]
[White "Svoboda, Milos"]
[Black "Bazant, Petr Sr"]
[Result "0-1"]
[WhiteElo "2235"]
[BlackElo "2295"]
[PlyCount "102"]
[EventDate "1996.??.??"]
[EventType "swiss"]
[EventRounds "9"]
[EventCountry "CZE"]
[Source "Fruth,M"]
[SourceDate "2003.05.15"]

1. d4 d5 2. c4 e6 3. Nc3 c5 4. cxd5 cxd4 5. Qxd4 Nc6 6. Qd1 exd5 7. e3 Nf6 8.
Nf3 a6 9. a3 Bd6 10. Be2 O-O 11. O-O Be6 12. b3 Ne5 13. Nd4 Rc8 14. Bb2 Bb8 15.
f4 Nc6 16. Bf3 Ba7 17. Nce2 Re8 18. Qd3 Bd7 19. Rfe1 Ne4 20. b4 Nxd4 21. Nxd4
Qh4 22. g3 Nxg3 23. hxg3 Qxg3+ 24. Bg2 Bh3 25. Re2 Bg4 26. Ree1 Bh3 27. Qd2
Bxg2 28. Nf5 Qg4 29. Qxg2 Qxg2+ 30. Kxg2 Rc2+ 31. Kf3 Rxb2 32. Nd6 Re6 33. Rac1
h5 34. Nxb7 Rb3 35. Nc5 Bxc5 36. bxc5 Rc6 37. Red1 Rxa3 38. Rxd5 g6 39. f5 Ra5
40. e4 Kf8 41. f6 Rxf6+ 42. Ke3 Rc6 43. Kd4 Ra4+ 44. Rc4 Rxc4+ 45. Kxc4 Ke7 46.
Re5+ Re6 47. Rg5 Rxe4+ 48. Kd5 Re6 49. c6 Kd8 50. Rg1 Kc7 51. Rf1 Rd6+ 0-1

[Event "Magno Mercenarios T 9"]
[Site "MEX"]
[Date "1996.??.??"]
[Round "?"]
[White "Martin del Campo, Jorge"]
[Black "Russek Libni, Guil"]
[Result "0-1"]
[WhiteElo "2285"]
[BlackElo "2360"]
[PlyCount "64"]
[EventDate "1996.??.??"]
[EventType "tourn"]
[EventRounds "11"]
[EventCountry "MEX"]
[EventCategory "6"]
[Source "Fruth,M"]
[SourceDate "2003.05.15"]

1. d4 e6 2. c4 d5 3. Nc3 c5 4. cxd5 cxd4 5. Qa4+ Bd7 6. Qxd4 exd5 7. Qxd5 Nc6
8. Bg5 Nf6 9. Qd2 Qa5 10. Bxf6 gxf6 11. Qe3+ Be6 12. O-O-O Rc8 13. Kb1 Nb4 14.
a3 Qf5+ 15. Rd3 Nxd3 16. exd3 Bxa3 17. g4 Qa5 18. Nge2 Bb4 19. Bg2 h5 20. f4
hxg4 21. Nd5 Kf8 22. Nxb4 Qxb4 23. Nd4 Re8 24. Nc2 Ba2+ 25. Kc1 Rxe3 26. Nxb4
Re2 27. Bxb7 Bb3 28. Rg1 Rhxh2 29. d4 Rxb2 30. Rxg4 Be6 31. f5 Bxf5 32. Rf4
Rb1# 0-1

[Event "Moscow Alekhine op"]
[Site "Moscow"]
[Date "1996.??.??"]
[Round "2"]
[White "Malaniuk, Vladimir P"]
[Black "Novgorodskij, Vladimir"]
[Result "1-0"]
[WhiteElo "2585"]
[BlackElo "2325"]
[PlyCount "57"]
[EventDate "1996.??.??"]
[EventType "swiss"]
[EventRounds "9"]
[EventCountry "RUS"]
[Source "Fruth,M"]
[SourceDate "2003.05.15"]

1. d4 d5 2. c4 e6 3. Nc3 c5 4. cxd5 cxd4 5. Qa4+ Bd7 6. Qxd4 exd5 7. Qxd5 Nc6
8. Nf3 Nf6 9. Qd1 Bc5 10. e3 Qe7 11. Be2 O-O-O 12. O-O g5 13. b4 Bxb4 14. Bb2
Rhg8 15. Nd4 Nxd4 16. Qxd4 Bc6 17. Qxa7 Rd2 18. Rab1 Bxc3 19. Bxc3 Rxe2 20.
Qa8+ Kc7 21. Qa5+ Kc8 22. Bxf6 Qe4 23. f3 Qc2 24. Be5 Rxg2+ 25. Kh1 Rxh2+ 26.
Bxh2 Bxf3+ 27. Rxf3 Qxb1+ 28. Kg2 Qc2+ 29. Kg3 1-0